| 000 | 00691nam a22002417a 4500 | ||
|---|---|---|---|
| 005 | 20170124105919.0 | ||
| 010 | _a367923 | ||
| 020 | _c00 | ||
| 035 | _a367923 | ||
| 037 | _bCen Lib/Ret | ||
| 040 |
_aDPL _bEN |
||
| 082 |
_a010.78 _bSHA |
||
| 100 |
_aSharp, John R. _9108342 |
||
| 245 |
_aSome fundamental of information retrieval / _cby John R. Sharp |
||
| 246 | _b | ||
| 260 |
_bAndre Deutsch _aLondon _c1965 |
||
| 270 |
_bLondon _a105, graet russell street |
||
| 300 |
_ax, 224p.: _c21cm(Hb) _bill. |
||
| 500 | _aIncludes appendix and index | ||
| 650 |
_aAuto-Indexing _9108343 |
||
| 650 |
_aInformation Retrieval _9108344 |
||
| 942 |
_2ddc _cEN _h010.78 _mSHA |
||
| 999 |
_c123006 _d123006 |
||